000 00633nam a22002297a 4500
003 UA-OsUOA
001 48874
007 ta
008 20070912b un ||||| |||| 00| 0 ukr d
100 _aКелембетова В.Ю.
090 _a821.161.2
_bК34
942 _cBK
040 _aUA-OsUOA
_bukr
_cUA-OsUOA
_dUA-OsUOA
245 _aУтвердження атеїзму в побуті трудящих України
300 _a161 с.
955 _a3
041 _aukr
080 _a821.161.2
260 _aК.
_c1967
650 7 _a82 Література. Літературознавство
_2UDC
999 _c334997
_d334997